000 00846nam a22002657a 4500
001 23715
003 UA-OsUOA
005 20230914151907.0
007 ta
008 20040128b un ||||| |||| 00| 0 ukr d
020 _a5244008706
040 _aUA-OsUOA
_brus
_cUA-OsUOA
_dUA-OsUOA
041 _arus
044 _aRU
080 _a32.019.5
090 _a32.019.5
_bА72
245 _aАнтология мировой политической мысли
_cотв. ред. Б. Н. Бессонов
260 _aМосква
_bМысль
_c1997
300 _a829 с.
505 _gТ. ІV
_tПолитическая мысль в России: вторая половина ХІХ–ХХ в.
650 7 _a32 Політика
_2UDC
942 _cBK
_2udc
955 _a1
999 _c309971
_d309971